Practical Navigation for Officers of the Watch / (Record no. 253)

000 -LEADER
fixed length control field 00515nam a2200169Ia 4500
008 - FIXED-LENGTH DATA ELEMENTS--GENERAL INFORMATION
fixed length control field 190805s9999||||xx |||||||||||||| ||und||
020 ## - INTERNATIONAL STANDARD BOOK NUMBER
International Standard Book Number 9781849270649
Terms of availability £ 35.00
082 04 - DEWEY DECIMAL CLASSIFICATION NUMBER
Classification number 623.89
Item number F9291
100 1# - MAIN ENTRY--PERSONAL NAME
Personal name Frost, A.
245 10 - TITLE STATEMENT
Title Practical Navigation for Officers of the Watch /
250 ## - EDITION STATEMENT
Edition statement 2nd ed.
260 ## - PUBLICATION, DISTRIBUTION, ETC. (IMPRINT)
Place of publication, distribution, etc Glasgow :
Name of publisher, distributor, etc Brown, Son & Ferguson Ltd,
Date of publication, distribution, etc 2016
300 ## - PHYSICAL DESCRIPTION
Extent vii, 360 p.
Other physical details : ill.
Dimensions ; 22 cm.
650 #0 - SUBJECT ADDED ENTRY--TOPICAL TERM
Topical term or geographic name as entry element Navigation
Form subdivision Handbooks, manuals, etc.
852 ## - LOCATION/CALL NUMBER
Location
942 ## - ADDED ENTRY ELEMENTS (KOHA)
Item type Books
Holdings
Withdrawn status Lost status Damaged status Not for loan Collection code Permanent location Current location Shelving location Date acquired Source of acquisition Cost, normal purchase price Total Checkouts Full call number Barcode Date last seen Date last borrowed Koha item type Public note Total Renewals
        Nautical Science IMU Kochi Library IMU Kochi Library Reference 2017-07-26 Sterling Book House 3024.00 2 623.89 F9291 BK004344 2022-12-13 2022-12-13 Books Shelf-4, Row-5  
        Nautical Science IMU Kochi Library IMU Kochi Library Reference 2017-07-26 Sterling Book House 3024.00 3 623.89 F9291 BK004345 2019-12-11 2019-11-11 Books Shelf-4, Row-5 1
        Nautical Science IMU Kochi Library IMU Kochi Library Reference 2017-07-26 Sterling Book House 3024.00 2 623.89 F9291 BK004346 2022-11-25 2022-11-25 Books Shelf-4, Row-5  
        Nautical Science IMU Kochi Library IMU Kochi Library Reference 2017-07-26 Sterling Book House 3024.00 3 623.89 F9291 BK004347 2022-04-19 2021-12-17 Books Shelf-4, Row-5  
        Nautical Science IMU Kochi Library IMU Kochi Library Reference 2017-07-26 Sterling Book House 3024.00 3 623.89 F9291 BK004343 2021-11-26 2021-11-26 Books Shelf-4, Row-5  


Copyright © All Rights Reserved by Indian Maritime University, Kochi Campus.
For any Suggestions/Query Contact to library or Email: library.kochi@imu.ac.in Ph:(0484)-2989402
(Web OPAC Designed by Rudra Ranjan. Maintained by IMU Kochi Library)

Powered by Koha